000 00306nam a2200121Ia 4500
008 241028s9999 xx 000 0 und d
041 _aeng
082 _a658.4030 BRA
100 _aBradshaw, Kumar
245 _aAi Strategy To Execution
260 _bWiley India
_aNew Delhi
_c2024
300 _a327;. P. 22 cm
999 _c43094
_d43094